Rzeczy związane z koleją - Statystyki

Ogólne statystyki
  • Ten quiz został rozwiązany 10 razy
  • Średni wynik to 5 z 16
Statystyki odpowiedzi
Obrazkowy Odpowiedź % Poprawnych
Peron
88%
Tory
88%
Semafor
75%
Stacja
50%
Czuwak
38%
Kabina
38%
Lokomotywa Elektryczna
25%
Lokomotywa Parowa
25%
Sieć Trakcyjna
25%
Elektryczny Zespół Trakcyjny
13%
Lokomotywa Spalinowa
13%
Hamulec Pneumatyczny
0%
Wskaźnik W6B
0%
Zadajnik Mocy
0%
Zestawy Kołowe
0%
Zwrotnica
0%
Nie znaleziono quizów pasujących do podanych kryteriów
Rozkład punktacji
Procent ludzi z każdym wynikiem
Percentyl według liczby udzielonych odpowiedzi
Twoja historia wyników
Nie rozwiązałeś tego quizu